III European Conference on Computational Mechanics Solids, Structures and Coupled Problems in Engineering: Book of Abstracts /

III European Conference on Computational Mechanics: Solids, Structures and Coupled Problem in Engineering Computational Mechanics in Solid, Structures and Coupled Problems in Engineering is today a mature science with applications to major industrial projects. This book contains the edited version o...

Full description

Bibliographic Details
Corporate Author: SpringerLink (Online service)
Other Authors: Motasoares, C. A. (Editor), Martins, J. A. C. (Editor), Rodrigues, H. C. (Editor), Ambrósio, Jorge A. C. (Editor), Pina, C. A. B. (Editor), Motasoares, C. M. (Editor), Pereira, E. B. R. (Editor), Folgado, J. (Editor)
Format: Electronic eBook
Language:English
Published: Dordrecht : Springer Netherlands, 2006.
Subjects:
Online Access:Full Text via HEAL-Link
LEADER 02640nam a22004935i 4500
001 978-1-4020-5370-2
003 DE-He213
005 20150519185525.0
007 cr nn 008mamaa
008 100301s2006 ne | s |||| 0|eng d
020 |a 9781402053702  |9 978-1-4020-5370-2 
024 7 |a 10.1007/1-4020-5370-3  |2 doi 
040 |d GrThAP 
050 4 |a TA1-2040 
072 7 |a TBC  |2 bicssc 
072 7 |a TEC000000  |2 bisacsh 
082 0 4 |a 620  |2 23 
245 1 0 |a III European Conference on Computational Mechanics  |h [electronic resource] :  |b Solids, Structures and Coupled Problems in Engineering: Book of Abstracts /  |c edited by C. A. Motasoares, J. A. C. Martins, H. C. Rodrigues, Jorge A. C. Ambrósio, C. A. B. Pina, C. M. Motasoares, E. B. R. Pereira, J. Folgado. 
264 1 |a Dordrecht :  |b Springer Netherlands,  |c 2006. 
300 |a LXXIV, 788 p.  |b online resource. 
336 |a text  |b txt  |2 rdacontent 
337 |a computer  |b c  |2 rdamedia 
338 |a online resource  |b cr  |2 rdacarrier 
347 |a text file  |b PDF  |2 rda 
520 |a III European Conference on Computational Mechanics: Solids, Structures and Coupled Problem in Engineering Computational Mechanics in Solid, Structures and Coupled Problems in Engineering is today a mature science with applications to major industrial projects. This book contains the edited version of the Abstracts of Plenary and Keynote Lectures and Papers, and a companion CD-ROM with the full-length papers, presented at the III European Conference on Computational Mechanics: Solids, Structures and Coupled Problems in Engineering (ECCM-2006), held in the National Laboratory of Civil Engineering, Lisbon, Portugal 5th - 8th June 2006. The book reflects the state-of-art of Computation Mechanics in Solids, Structures and Coupled Problems in Engineering and it includes contributions by the world most active researchers in this field. 
650 0 |a Engineering. 
650 0 |a Engineering design. 
650 1 4 |a Engineering. 
650 2 4 |a Engineering, general. 
650 2 4 |a Engineering Design. 
700 1 |a Motasoares, C. A.  |e editor. 
700 1 |a Martins, J. A. C.  |e editor. 
700 1 |a Rodrigues, H. C.  |e editor. 
700 1 |a Ambrósio, Jorge A. C.  |e editor. 
700 1 |a Pina, C. A. B.  |e editor. 
700 1 |a Motasoares, C. M.  |e editor. 
700 1 |a Pereira, E. B. R.  |e editor. 
700 1 |a Folgado, J.  |e editor. 
710 2 |a SpringerLink (Online service) 
773 0 |t Springer eBooks 
776 0 8 |i Printed edition:  |z 9781402049941 
856 4 0 |u http://dx.doi.org/10.1007/1-4020-5370-3  |z Full Text via HEAL-Link 
912 |a ZDB-2-ENG 
950 |a Engineering (Springer-11647)